Statistics for Guns in Apex Legends

Click here to take the quiz!

General Stats

  • This quiz has been taken 710 times
  • The average score is 8 of 19

Answer Stats

Types of WeaponAnswer% Correct
SMGR-99
90%
ARR-301
82%
ShotgunPeacekeeper
63%
PistolP2020
61%
ShotgunMozambique
59%
ShotgunMastiff
55%
PistolWingman
55%
SMGAlternator
54%
SniperTriple Take
48%
LMGDevotion
47%
ShotgunEVA-8 Auto
35%
SniperG7 Scout
29%
SniperLongbow DMR
22%
PistolRE-45 Auto
13%
SniperKraber .50 Cal
12%
LMGM600 Spitfire
9%
ARHemlok Burst AR
8%
ARVK-47 Flatline
8%
SMGProwler Burst PDW
4%

Score Distribution

Percentile by Number Answered

Percent of People with Each Score

Your Score History

You have not taken this quiz